000 00446nam a2200121Ia 4500
008 160712s9999 xx 000 0 und d
100 _aPalmes, Diana F.
245 _cDiana F. Palmes,
_aKohlbergian Analysis of the Moral Reasoning in Lino Brocka’s Leading Films
260 _c2015
_bHumanities Diliman
300 _avol. 12 no. 1
650 _xHUMANITIES
856 _uhttp://journals.upd.edu.ph/index.php/humanitiesdiliman/issue/view/502/showToc
999 _c297047
_d297047